Minulosť a súčasnosť kódov

Súčasná spoločnosť a množstvo kódov s ktorými sa stretávame. Jakobsonovo učenie, ktoré aplikoval na spoločenské vzťahy francúzsky antropológ, predstaviteľ štrukturalizmu Claude Lévi-Strauss. Ľudské myslenie a svet.

Gespeichert in:
Bibliographische Detailangaben
1. Verfasser: Alchusová, Zuzana
Format: Buchkapitel
Sprache:Slowakisch
Schlagworte:
Tags: Tag hinzufügen
Keine Tags, Fügen Sie das erste Tag hinzu!

MARC

LEADER 00000nla$a2200000$$$4500
001 0148468
005 20221207081831.2
041 0 |a slo 
044 |a CZ 
245 1 0 |a Minulosť a súčasnosť kódov  |c Zuzana Alchusová 
520 |a Súčasná spoločnosť a množstvo kódov s ktorými sa stretávame. Jakobsonovo učenie, ktoré aplikoval na spoločenské vzťahy francúzsky antropológ, predstaviteľ štrukturalizmu Claude Lévi-Strauss. Ľudské myslenie a svet. 
610 2 0 |a kódovanie 
610 2 0 |a kódy 
610 2 0 |a kódy čiarové 
610 2 0 |a algoritmy 
610 2 0 |a syntéza systémov 
610 2 0 |a štruktúra systémov 
610 2 0 |a informácie 
100 1 |a Alchusová, Zuzana